| 000 | 00376nam a2200145Ia 4500 | ||
|---|---|---|---|
| 008 | 240624s9999 xx 000 0 und d | ||
| 041 | _aeng | ||
| 082 | _a658.8342 HOY | ||
| 100 | _aHOYER WAYNE D | ||
| 245 | _aCONSUMER BEHAVIOR | ||
| 250 | _a(5th ed.) | ||
| 260 |
_c2010 _aAustralia _bSouth-Western Cengage Learning |
||
| 300 | _axxiv, : 493 : p. : cm. ; 25 | ||
| 365 |
_c _b30 |
||
| 999 |
_c14926 _d14926 |
||